Score 0/26 Timer 04:00
1 Play Today
Movie Title Missing Word % Correct
Planet of the _____Apes
99.7%
_____ RunnerBlade
97.5%
The _____-FilesX
96.4%
20,000 Leagues _____ the SeaUnder
95.9%
Close Encounters of the Third _____Kind
95.6%
_____ of the WorldsWar
94.3%
The _____ ElementFifth
93.7%
Escape from New _____York
93%
The _____ Guide to the GalaxyHitchhiker's
92.9%
Total _____Recall
90%
2001: A Space _____Odyssey
88.3%
_____ DayIndependence
88.1%
Galaxy _____Quest
87.8%
Movie Title Missing Word % Correct
Return of the _____Jedi
86.7%
AVP: Alien vs. _____Predator
84.6%
Soylent _____Green
81.1%
The Dead _____Zone
75.1%
Battlefield _____Earth
74.3%
_____ 9District
71.9%
They _____Live
64%
_____ of MenChildren
62.5%
_____ of the DamnedVillage
55.5%
_____ LunchNaked
53.7%
Enemy _____Mine
51.4%
_____ RunningSilent
37.9%
Day of the _____Triffids
31.4%

Today's Daily Dose

Remove Ads.
Support Sporcle.
Get the best of Sporcle when you Go Orange. This ad-free experience offers more features, more stats, and more fun while also helping to support Sporcle. Thank you for becoming a member.

You're not logged in!

Compare scores with friends on all Sporcle quizzes.
OR
Log In

Show Comments

Extras

Top Quizzes Today


Score Distribution

Your Account Isn't Verified!

In order to create a playlist on Sporcle, you need to verify the email address you used during registration. Go to your Sporcle Settings to finish the process.

Report this User

Report this user for behavior that violates our Community Guidelines.

Details: